000 00307 a2200121 4500
000 nam a22 7a 4500
005 20260219041507.0
020 _a9788197877155
100 _aShivprasad Bagdi
_91116173
245 _aAchchha Vakta Kaise Banein?
260 _bRadhakrishna Prakashan
_c2025
942 _cTEXL
999 _c1679946
_d1679946